Bibliography of the fishes of the Pacific coast of the United States to the end of 1879. (Record no. 52670)
[ view plain ]
| 000 -LEADER | |
|---|---|
| fixed length control field | 01504cam a22002771 4500 |
| 001 - CONTROL NUMBER | |
| control field | s 13000121 |
| 003 - CONTROL NUMBER IDENTIFIER | |
| control field | DLC |
| 005 - DATE AND TIME OF LATEST TRANSACTION | |
| control field | 20260227111911.0 |
| 008 - FIXED-LENGTH DATA ELEMENTS--GENERAL INFORMATION | |
| fixed length control field | 790503s1882 dcu 001 0 eng c |
| 010 ## - LIBRARY OF CONGRESS CONTROL NUMBER | |
| LC control number | s 13000121 |
| 035 ## - SYSTEM CONTROL NUMBER | |
| System control number | (OCoLC)4922075 |
| 040 ## - CATALOGING SOURCE | |
| Original cataloging agency | Library, Smithsonian Institution |
| Transcribing agency | OKentU |
| Modifying agency | OCoLC |
| -- | DLC |
| 042 ## - AUTHENTICATION CODE | |
| Authentication code | premarc |
| 050 00 - LIBRARY OF CONGRESS CALL NUMBER | |
| Classification number | Z5974.U5 |
| Item number | G47 |
| 100 1# - MAIN ENTRY--PERSONAL NAME | |
| Personal name | Gill, Theodore, |
| Dates associated with a name | 1837-1914. |
| 245 10 - TITLE STATEMENT | |
| Title | Bibliography of the fishes of the Pacific coast of the United States to the end of 1879. |
| Statement of responsibility, etc. | By Theodore Gill. |
| 260 ## - PUBLICATION, DISTRIBUTION, ETC. | |
| Place of publication, distribution, etc. | Washington, |
| Name of publisher, distributor, etc. | Govt. print. off., |
| Date of publication, distribution, etc. | 1882. |
| 300 ## - PHYSICAL DESCRIPTION | |
| Extent | 2 p. l., 73 p. |
| Dimensions | 24 cm. |
| 490 1# - SERIES STATEMENT | |
| Series statement | Bulletin of the United States National museum. |
| Volume/sequential designation | no. 11 |
| 490 1# - SERIES STATEMENT | |
| Series statement | Issued also as vol. 23, art. 1 of the Smithsonian miscellaneous collections |
| 490 0# - SERIES STATEMENT | |
| Series statement | Smithsonian institution publication 463 |
| 500 ## - GENERAL NOTE | |
| General note | Issued with Jordan D. S. Contributions to North American ichthyology. Part III. Washington, 1877-78. Eggers, H. F. A. The flora of St. Croix and the Virgin islands. Washington, 1879. United States. National Museum. Catalogue of the collection to illustrate the animal resources and the fisheries of the United States. Washington, 1879. Kumlien, L. Contributions to the natural history of the Arctic America. Washington, 1879. |
| 650 #0 - SUBJECT ADDED ENTRY--TOPICAL TERM | |
| Topical term or geographic name entry element | Fishes |
| Geographic subdivision | Pacific Coast |
| Form subdivision | Bibliography. |
| 810 2# - SERIES ADDED ENTRY--CORPORATE NAME | |
| Corporate name or jurisdiction name as entry element | United States National Museum. |
| Title of a work | Bulletin ; |
| Volume/sequential designation | no. 11. |
| 810 2# - SERIES ADDED ENTRY--CORPORATE NAME | |
| Corporate name or jurisdiction name as entry element | Smithsonian Institution. |
| Title of a work | Smithsonian miscellaneous collections ; |
| Volume/sequential designation | v. 23, art. 1. |
No items available.